[Event "FIDE World Bl Team 5-8th"]
[Site "London ENG"]
[Date "2025.06.15"]
[Round "2.2"]
[White "Mamedov, Rauf"]
[Black "Pranav, V"]
[Result "0-1"]
[WhiteTitle "GM"]
[BlackTitle "GM"]
[WhiteElo "2657"]
[BlackElo "2595"]
[WhiteTeam "B1 Freedom"]
[BlackTeam "D1 Team MGD1"]
[WhiteFideId "13401653"]
[BlackFideId "25060783"]
[EventDate "2025.06.15"]
[EventType "team-k.o. (blitz)"]

1. e4 Nc6 2. Nf3 d6 3. d4 Nf6 4. Nc3 g6 5. h3 Bg7 6. Be3 O-O 7. Qd2 a6 8. Bh6 b5
9. Bxg7 Kxg7 10. Bd3 e5 11. d5 Ne7 12. Ne2 c6 13. dxc6 Nxc6 14. Ng3 Be6 15. h4
h5 16. Ng5 Rc8 17. O-O Nh7 18. Ne2 Nxg5 19. hxg5 h4 20. Qe3 Rh8 21. f4 exf4 22.
Nxf4 Qe7 23. a4 Ne5 24. axb5 axb5 25. c3 Rc5 26. Be2 Nc6 27. Ra6 Bc8 28. Rb6 h3
29. g3 Ne5 30. b4 Rc6 31. Nd5 Qd8 32. Rxc6 Nxc6 33. Qf4 Be6 34. Qf6+ Qxf6 35.
gxf6+ Kh6 36. Bxb5 Ne5 37. Nf4 Bc8 38. Be2 Kg5 39. Kh2 Bg4 40. Bxg4 Nxg4+ 41.
Kg1 h2+ 42. Kh1 Nxf6 43. Re1 Ng4 44. Re2 Ra8 45. Nd3 Ra1+ 46. Ne1 Rc1 47. b5
Rxc3 48. Kg2 Rxg3+ 49. Kxg3 h1=Q 50. Nf3+ Kh5 51. Rb2 Qc1 52. Rd2 f5 53. exf5
gxf5 54. b6 Qb1 55. Rxd6 f4+ 56. Kxf4 Qb4+ 57. Rd4 Qf8+ 58. Kg3 Qb8+ 59. Kh3 Nf6
60. Rb4 Nd5 61. Rb5 Qc8+ 62. Kg2 Qc2+ 63. Kg3 Qg6+ 64. Kf2 Qc6 65. Nd4 Qf6+ 66.
Nf3 Qc6 67. Nd4 Qc4 68. b7 Qxd4+ 69. Kg2 Qd2+ 70. Kg1 Qe3+ 71. Kh1 Qe1+ 72. Kg2
Qe2+ 0-1

[Event "FIDE World Bl Team 5-8th"]
[Site "London ENG"]
[Date "2025.06.15"]
[Round "2.2"]
[White "Tsolakidou, Stavroula"]
[Black "Muzychuk, Anna"]
[Result "1/2-1/2"]
[WhiteTitle "IM"]
[BlackTitle "GM"]
[WhiteElo "2428"]
[BlackElo "2535"]
[WhiteTeam "D1 Team MGD1"]
[BlackTeam "B1 Freedom"]
[WhiteFideId "4264312"]
[BlackFideId "14111330"]
[EventDate "2025.06.15"]
[EventType "team-k.o. (blitz)"]

1. e4 e5 2. Nf3 Nc6 3. Bb5 a6 4. Ba4 Nf6 5. O-O Nxe4 6. d4 b5 7. Bb3 d5 8. dxe5
Be6 9. Nbd2 Nc5 10. c3 d4 11. cxd4 Nxd4 12. Nxd4 Qxd4 13. Bxe6 Nxe6 14. Qf3 Rd8
15. a4 Qd5 16. axb5 axb5 17. Qxd5 Rxd5 18. Ra8+ Kd7 19. Nf3 g6 20. Ng5 Bg7 21.
Rxh8 Bxh8 22. Nxf7 Bxe5 23. Nxe5+ Rxe5 24. Be3 Rd5 25. Rc1 c5 26. Kf1 c4 27. Ke2
Nd4+ 28. Bxd4 Rxd4 29. Ra1 Rd3 30. Ra7+ Kc6 31. Rxh7 Rb3 32. Rh6 Rxb2+ 33. Ke3
b4 34. Rxg6+ Kb5 35. h4 Rb1 36. h5 b3 37. Kd2 Rb2+ 38. Ke3 Rc2 39. Rg8 Rc1 40.
Rb8+ Ka4 41. Kd2 Rc2+ 42. Ke3 c3 43. h6 Rc1 44. h7 Rh1 45. h8=Q Rxh8 46. Rxh8 b2
47. Ra8+ Kb3 48. Rb8+ Kc4 49. Rc8+ Kb3 50. Rb8+ Kc4 51. Rc8+ Kb3 52. Rb8+ Kc4
53. Rb5 1/2-1/2

[Event "FIDE World Bl Team 5-8th"]
[Site "London ENG"]
[Date "2025.06.15"]
[Round "2.2"]
[White "Mani, Sarbartho"]
[Black "Atharvaa P Tayade"]
[Result "0-1"]
[WhiteElo "1847"]
[BlackElo "1956"]
[WhiteTeam "B1 Freedom"]
[BlackTeam "D1 Team MGD1"]
[WhiteFideId "366112022"]
[BlackFideId "25042955"]
[EventDate "2025.06.15"]
[EventType "team-k.o. (blitz)"]

1. d4 Nf6 2. Nf3 g6 3. g3 Bg7 4. Bg2 O-O 5. O-O d6 6. c4 Nc6 7. Nc3 a6 8. e3 Rb8
9. Re1 Bg4 10. h3 Bd7 11. Bd2 e5 12. d5 Na5 13. Qe2 b5 14. cxb5 axb5 15. e4 b4
16. Nb1 c6 17. dxc6 Bxc6 18. Bg5 h6 19. Bxf6 Qxf6 20. Nbd2 Qe6 21. Rac1 Bb5 22.
Qe3 Nc6 23. b3 Nd4 24. Nxd4 exd4 25. Qf3 Ra8 26. e5 dxe5 27. Rc5 Qb6 28. Rec1
Rxa2 29. Ne4 Be2 0-1